000 00202 a2200097 4500
001 42979
100 _aDjilas
245 _aLand without justice
260 _aLondon
_bMethuen
_c
090 _c26856
_d26856
942 _aNUST-CAE
_cM
_c18731
999 _c278052
_d278052